Towns and Cities in Ireland >20,000 - Statistics

General Stats
  • This quiz has been taken 12 times
  • The average score is 16 of 39
Answer Stats
Hint Answer % Correct
Munster Cork
91%
Leinster Dublin
91%
Connacht Galway
91%
Ulster Belfast
82%
Ulster Derry
82%
Munster Limerick
82%
Leinster Wexford
82%
Leinster Dundalk
73%
Leinster Drogheda
64%
Leinster Kilkenny
64%
Ulster Antrim
55%
Connacht Sligo
55%
Leinster Swords
55%
Leinster Waterford
55%
Leinster Athlone
45%
Munster Ennis
45%
Ulster Letterkenny
45%
Leinster Portlaoise
45%
Ulster Bangor
36%
Ulster Newry
36%
Munster Tralee
36%
Leinster Bray
27%
Leinster Carlow
27%
Ulster Carrickfergus
27%
Ulster Coleraine
27%
Ulster Lisburn
27%
Leinster Naas
27%
Leinster Navan
27%
Ulster Portadown
27%
Leinster Newbridge
18%
Ulster Newtownards
18%
Ulster Omagh
18%
Leinster Balbriggan
9%
Ulster Lurgan
9%
Leinster Mullingar
9%
Ulster Newtownabbey
9%
Ulster Balleymena
0%
Leinster Celbridge
0%
Leinster Greystones-Delgany
0%
No matching quizzes found
Score Distribution
Percent of People with Each Score
Percentile by Number Answered
Your Score History
You have not taken this quiz